Government Activism during a Pandemic

Súčasná pandemická situácia a kroky štátu v boji proti šíreniu COVID-19. Možné riešenia a odporúčania vedúce k zmierneniu nežiaducej situácie. Situácia a riešenia problematiky šírenia COVID-19 vo svete a doma. Súčasný stav vývoja tejto pandémie v jednotlivých štátoch a úloha spoločenstiev v boji pro...

Full description

Saved in:
Bibliographic Details
Main Author: Jakubčinová, Martina
Format: Book Chapter
Language:English
Subjects:
Tags: Add Tag
No Tags, Be the first to tag this record!

MARC

LEADER 00000naa a2200000 4500
001 0271770
005 20210129104647.9
041 0 |a eng 
044 |a SK 
245 1 0 |a Government Activism during a Pandemic  |c Martina Jakubčinová 
520 |a Súčasná pandemická situácia a kroky štátu v boji proti šíreniu COVID-19. Možné riešenia a odporúčania vedúce k zmierneniu nežiaducej situácie. Situácia a riešenia problematiky šírenia COVID-19 vo svete a doma. Súčasný stav vývoja tejto pandémie v jednotlivých štátoch a úloha spoločenstiev v boji proti nej. 
610 2 0 |a koronavírus 
610 2 0 |a pandémia 
610 2 0 |a opatrenia 
610 2 0 |a vláda 
100 1 |a Jakubčinová, Martina